Normal view
MARC view
- WEISS, MITCHELL,ODREY, NICHOLAS G,GROOVER, MIKELL P
Entry Personal Name
001 - CONTROL NUMBER
- control field: 79815
003 - CONTROL NUMBER IDENTIFIER
- control field: NUST
005 - DATE AND TIME OF LATEST TRANSACTION
- control field: 20210628210528.0
008 - FIXED-LENGTH DATA ELEMENTS
- fixed length control field: 210628|| aca||aabn | a|a d
040 ## - CATALOGING SOURCE
- Original cataloging agency: NUST
- Transcribing agency: NUST
100 ## - HEADING--PERSONAL NAME
- Personal name: WEISS, MITCHELL,ODREY, NICHOLAS G,GROOVER, MIKELL P
670 ## - SOURCE DATA FOUND
- Source citation: Work cat.: (NUST): WEISS, MITCHELL,ODREY, NICHOLAS G,GROOVER, MIKELL P, INDUSTRIAL ROBOTS ,TECHNOLOGY PROGRAMMING AND APPLICATIONS, 1988
